| 000 | 00420nab a2200145Ia 4500 | ||
|---|---|---|---|
| 003 | ES-SlBCS | ||
| 005 | 20210601131726.0 | ||
| 008 | 140529s1953 xxu||||| |||| 00| 0 fre d | ||
| 041 | _afre | ||
| 100 | 1 |
_aGouhier, Henri _911023 |
|
| 245 | 0 | 0 |
_aThéâtre: L'Aloutte; La Maison de la nuit _c Henri Gouhier |
| 650 | 0 | 4 |
_aTeatro _992860 |
| 773 | 0 |
_tVie Intelectuelle (La) _gnº. 12, 1953, págs. 121-127 _wRev907 |
|
| 942 | _cAR | ||
| 999 |
_c567703 _d567703 |
||